RICOCHET (Record no. 97930)

MARC details
000 -LEADER
fixed length control field 00401nam a2200181Ia 4500
008 - FIXED-LENGTH DATA ELEMENTS--GENERAL INFORMATION
fixed length control field 090124s9999 xx 000 0 und d
082 ## - DEWEY DECIMAL CLASSIFICATION NUMBER
Item number 31758
100 ## - MAIN ENTRY--PERSONAL NAME
Personal name COPPER BASIL
245 ## - TITLE STATEMENT
Title RICOCHET
250 ## - EDITION STATEMENT
Edition statement 1
260 ## - PUBLICATION, DISTRIBUTION, ETC. (IMPRINT)
Name of publisher, distributor, etc BOOKS INTERNATIONAL LTD.
Date of publication, distribution, etc 1974
300 ## - PHYSICAL DESCRIPTION
Extent 158
600 ## - SUBJECT ADDED ENTRY--PERSONAL NAME
Personal name COPPER BASIL
630 ## - SUBJECT ADDED ENTRY--UNIFORM TITLE
Uniform title RICOCHET
700 ## - ADDED ENTRY--PERSONAL NAME
Personal name COPPER BASIL
730 ## - ADDED ENTRY--UNIFORM TITLE
Uniform title RICOCHET
942 ## - ADDED ENTRY ELEMENTS (KOHA)
Koha item type Book
Holdings
Withdrawn status Lost status Damaged status Not for loan Home library Current library Date acquired Cost, normal purchase price Total Checkouts Full call number Barcode Date last seen Cost, replacement price Price effective from Koha item type
        Nagar Wachan Mandir, Thane Nagar Wachan Mandir, Thane   20.00   31758 THNNWM-31758 01/24/2009 20.00 01/24/2009 Book